People and development challenges: (Record no. 22344)
[ view plain ]
| 000 -LEADER | |
|---|---|
| fixed length control field | 006640000a22001810004500 |
| 001 - CONTROL NUMBER | |
| control field | 022344 |
| 005 - DATE AND TIME OF LATEST TRANSACTION | |
| control field | 20240318182931.0 |
| 008 - FIXED-LENGTH DATA ELEMENTS--GENERAL INFORMATION | |
| fixed length control field | 130129t xxu||||| |||| 00| 0 eng d |
| 040 ## - CATALOGING SOURCE | |
| Transcribing agency | LC |
| Modifying agency | LC |
| Description conventions | RDA |
| 082 ## - DEWEY DECIMAL CLASSIFICATION NUMBER | |
| Classification number | 616.9792 |
| Edition number | 23rd ed. |
| Item number | PEO |
| 245 ## - TITLE STATEMENT | |
| Title | People and development challenges: |
| Remainder of title | the AIDS epidemic is on the move and Asia is next / |
| Statement of responsibility, etc. | Edited by Wardie Christopher John |
| 260 ## - PUBLICATION, DISTRIBUTION, ETC. | |
| Place of publication, distribution, etc. | Jalan Ampang : |
| Date of publication, distribution, etc. | 2001. |
| Name of publisher, distributor, etc. | International Planned Parenthood Federation; |
| 300 ## - PHYSICAL DESCRIPTION | |
| Extent | 40 p. : |
| Other physical details | ill. ; |
| Dimensions | 30 cm. |
| 500 ## - GENERAL NOTE | |
| General note | Includes bibliographical references |
| 650 ## - SUBJECT ADDED ENTRY--TOPICAL TERM | |
| Topical term or geographic name entry element | HIV/AIDS |
| 9 (RLIN) | 3873 |
| 650 ## - SUBJECT ADDED ENTRY--TOPICAL TERM | |
| Topical term or geographic name entry element | AIDS |
| General subdivision | people and developemnt challenges |
| 9 (RLIN) | 15315 |
| 942 ## - ADDED ENTRY ELEMENTS (KOHA) | |
| Koha item type | Book |
| Source of classification or shelving scheme | Dewey Decimal Classification |
| Withdrawn status | Lost status | Source of classification or shelving scheme | Damaged status | Not for loan | Home library | Current library | Date acquired | Total Checkouts | Full call number | Barcode | Date last seen | Price effective from | Koha item type |
|---|---|---|---|---|---|---|---|---|---|---|---|---|---|
| Dewey Decimal Classification | Nsambya Medical School | Nsambya Medical School | 20/06/2008 | 616.9792 PEO | 22344 | 22/08/2023 | 20/06/2008 | Book |